| 000 | 00510nam a22001577a 4500 | ||
|---|---|---|---|
| 003 | OSt | ||
| 005 | 20151001102535.0 | ||
| 008 | 151001b xxu||||| |||| 00| 0 eng d | ||
| 040 | _cRUA | ||
| 082 | _aAVM ស្រេង 1993 B067 Or.1 | ||
| 100 |
_91661 _aស្រេងសុខសេង |
||
| 245 | _aវិធានការណ៍ការពារ និង ព្យាបាលជម្ងឺ Demoex bovis, | ||
| 260 |
_aphnom penh _bRUA _c1993 |
||
| 300 |
_a70p. _bill. _c29cm. |
||
| 942 |
_2ddc _cAVM |
||
| 999 |
_c1566 _d1566 |
||